La rèvolutión de l'ecole unique / (Record no. 64339)

MARC details
000 -LEADER
campo de control de longitud fija 00588nam a2200205 i 4500
001 - NÚMERO DE CONTROL
campo de control 64339
003 - IDENTIFICADOR DE NÚMERO DE CONTROL
campo de control ES-MaACL
005 - FECHA Y HORA DE LA ÚLTIMA TRANSACCIÓN
campo de control 20230906165115.0
007 - CAMPO FIJO DE DESCRIPCIÓN FÍSICA--INFORMACIÓN GENERAL
campo de control de longitud fija t|
008 - DATOS DE LONGITUD FIJA--INFORMACIÓN GENERAL
campo de control de longitud fija 031223s1931 fr ||||1| fre d
100 1# - ENTRADA PRINCIPAL--NOMBRE DE PERSONA
Nombre de persona Flottes, Pierre.
9 (RLIN) 51359
245 13 - MENCIÓN DEL TÍTULO
Título La rèvolutión de l'ecole unique /
Mención de responsabilidad, etc. Pierre Flottes.
250 ## - MENCION DE EDICION
Mención de edición 4éme ed.
260 ## - PUBLICACIÓN, DISTRIBUCIÓN, ETC.
Lugar de publicación, distribución, etc. París :
Nombre del editor, distribuidor, etc. Jules Tallendier,
Fecha de publicación, distribución, etc. 1931 (
Fabricante J. Tegui)
300 ## - DESCRIPCIÓN FÍSICA
Extensión 190 p. ;
Dimensiones 23 cm.
490 1# - MENCIÓN DE SERIE
Mención de serie Collection du temps présent
830 0# - PUNTO DE ACCESO ADICIONAL DE SERIE-TÍTULO UNIFORME
Título uniforme Collection du temps présent
9 (RLIN) 230707
852 ## - LOCALIZACIÓN
Ubicación ES-MaACL
Número de control de estantería A-1346
Holdings
Estatus retirado Estado de pérdida Estado de daño No para préstamo Biblioteca de origen Biblioteca actual Ubicación en estantería Fecha de adquisición Fuente de adquisición Total de préstamos Signatura topográfica completa Código de barras Visto por última vez Precio de reemplazo Tipo de ítem Koha
        Biblioteca del Ateneo de Madrid Biblioteca del Ateneo de Madrid Sala Pecera Planta 1 17/01/2008     A-1346 1067421 23/02/2023 23/02/2023 Libro impreso